000 00689nam a2200241Ia 4500
003 OSt
005 20220918205644.0
006 a|||||r|||| 00| 0
007 ta
008 220917b |||||||| |||| 00| 0 eng d
024 _a117,397
037 _cTextual
040 _aARTS
_cARTS
_beng
041 _2eng
_aeng
082 _aV7:71:N3, K5
100 _aWauchope Robert
_9115727
245 0 _aThey found the buried cities
_b exploration and excavation in the American tropics
260 _aChicago
_bChicago University Press USA
_c1965
300 _a381p
_ccm.
650 _aHISTORY
942 _hV7:71:N3, K5
_cTEXL
_2CC
999 _c240679
_d240679